000 00598nam a22001697a 4500
003 OSt
005 20140310182353.0
008 131001t xxu||||| |||| 00| 0 eng d
050 _aCT 120
_b.N532 1966
082 _aGS 808.83
_bN47 1966
245 _aNew reading skill builder.Part one :
_bstories based on articles in Reader's Digest /
_cconsultants: Henry A. Bamman and Robert Whitehead.
260 _aPleasantville, New York :
_bReader's Digest Services, Inc,
_c1966
300 _a128 p. :
_bill. col. ;
_c19 cm.
650 _aShort stories, English
_91561
942 _2lcc
_cBK-GS
999 _c12413
_d12413